[Event "?"]
[Site "?"]
[Date "????.??.??"]
[Round "?"]
[White "Seuss, O."]
[Black "Hampel, J."]
[Result "1-0"]
[WhiteElo "2113"]
[BlackElo "2194"]
[PlyCount "83"]

1. g3 d5 2. Bg2 Nf6 3. d3 e6 4. Nd2 Be7 5. e4 c5 6. Ngf3 O-O 7. O-O Nc6 8. Re1
b5 9. e5 Nd7 10. Nf1 a5 11. h4 b4 12. Bf4 Ba6 13. h5 a4 14. Ne3 Nd4 15. Ng4 b3
16. cxb3 axb3 17. axb3 Qb6 18. h6 g6 19. Nxd4 cxd4 20. Nf6+ Nxf6 21. exf6 Bxf6
22. Be5 Bxe5 23. Rxe5 Qd6 24. Re1 Rfb8 25. Ra3 e5 26. Qd2 Bb7 27. f4 exf4 28.
Rxa8 Bxa8 29. Qxf4 Qxf4 30. gxf4 Kf8 31. Ra1 Ke7 32. Ra6 Rc8 33. Bh3 Rc1+ 34.
Kf2 Bc6 35. f5 g5 36. f6+ Kd6 37. Ra7 Ke5 38. Rxf7 Kf4 39. Re7 Rc2+ 40. Re2
Rxe2+ 41. Kxe2 Be8 42. Be6 1-0

[Event "?"]
[Site "?"]
[Date "????.??.??"]
[Round "?"]
[White "Kahn, P."]
[Black "Seuss, O."]
[Result "0-1"]
[WhiteElo "2162"]
[BlackElo "2113"]
[PlyCount "47"]
[EventDate "2006.02.24"]

1. e4 c5 2. c3 d5 3. exd5 Qxd5 4. d4 Nf6 5. Nf3 e6 6. Be2 Nc6 7. O-O cxd4 8.
cxd4 Be7 9. Nc3 Qd6 10. Nb5 Qd8 11. Bf4 Nd5 12. Bg3 a6 13. Nc3 O-O 14. Rc1 f5
15. Nxd5 exd5 16. Be5 Be6 17. Bd3 Nxe5 18. dxe5 Qb6 19. Qe2 Rac8 20. a3 a5 21.
Bb1 d4 22. Bd3 Rfd8 23. Bc4 Bxc4 24. Rxc4 0-1

[Event "?"]
[Site "?"]
[Date "????.??.??"]
[Round "?"]
[White "Titz, H."]
[Black "Schroeter, H."]
[Result "1/2-1/2"]
[WhiteElo "2070"]
[BlackElo "2033"]
[PlyCount "53"]

1. e4 e5 2. Nf3 Nc6 3. Bb5 a6 4. Ba4 Nf6 5. O-O Be7 6. Re1 b5 7. Bb3 d6 8. c3
O-O 9. d3 Na5 10. Bc2 c5 11. Nbd2 Qc7 12. Nf1 Bd7 13. Ng3 g6 14. Bh6 Rfc8 15.
h3 Nc6 16. Rc1 b4 17. Bb3 bxc3 18. Ng5 Be8 19. bxc3 Qd8 20. Qf3 Na5 21. Bc2
Rcb8 22. Rb1 Rxb1 23. Rxb1 Rb8 24. Qd1 Nd7 25. Nf3 f6 26. Be3 Bf7 27. c4
1/2-1/2

[Event "?"]
[Site "?"]
[Date "????.??.??"]
[Round "?"]
[White "Golcman, E."]
[Black "Perk, E."]
[Result "1-0"]
[WhiteElo "2317"]
[BlackElo "2057"]
[PlyCount "85"]
[EventDate "2006.02.24"]

1. c4 e5 2. g3 Nf6 3. Bg2 c6 4. Nf3 d6 5. O-O Be7 6. Nc3 O-O 7. c5 Qc7 8. cxd6
Bxd6 9. d3 Nbd7 10. Be3 Ng4 11. Bd2 Ngf6 12. Rc1 Qd8 13. Qc2 Re8 14. d4 exd4
15. Nxd4 Nf8 16. e3 Bd7 17. h3 Qc8 18. Kh2 Ng6 19. f4 Bc5 20. Nce2 Bb6 21. b4
a5 22. a3 axb4 23. axb4 Ra3 24. e4 Qa8 25. Bc3 Ra2 26. Qd3 Qa6 27. b5 Qa3 28.
Ra1 Rxa1 29. Rxa1 Qc5 30. bxc6 bxc6 31. Rb1 Bd8 32. Rb8 Qa7 33. Rxd8 Rxd8 34.
Nxc6 Qa4 35. Nxd8 Bb5 36. Qe3 Qc2 37. Nd4 Qd3 38. Qxd3 Bxd3 39. e5 Ne4 40. Bb2
Ne7 41. N8c6 Nxc6 42. Nxc6 Kf8 43. Nb4 1-0

[Event "?"]
[Site "?"]
[Date "????.??.??"]
[Round "?"]
[White "Grabitz, G."]
[Black "Krylov, S."]
[Result "0-1"]
[WhiteElo "2065"]
[BlackElo "2253"]
[PlyCount "130"]

1. d4 Nf6 2. Nf3 d6 3. Nc3 c6 4. e4 Bg4 5. h3 Bh5 6. Be2 e6 7. Be3 Be7 8. O-O
d5 9. exd5 Bxf3 10. Bxf3 cxd5 11. Bf4 Nc6 12. Ne2 O-O 13. c3 Qd7 14. Nc1 Bd6
15. Bxd6 Qxd6 16. Nd3 Rac8 17. Qe2 Nd7 18. g3 Rfe8 19. Bg2 b6 20. Rfe1 a5 21.
Rad1 b5 22. Ne5 Ndxe5 23. dxe5 Qc5 24. Bf1 Rb8 25. Qe3 Qxe3 26. Rxe3 Rec8 27.
f4 Ne7 28. g4 g6 29. Bd3 b4 30. cxb4 Rxb4 31. Rf1 Rxb2 32. Rf2 Rc1+ 33. Kg2
Rxf2+ 34. Kxf2 Rd1 35. Bb5 Rb1 36. a4 Rc1 37. Rb3 Nc6 38. Bxc6 Rxc6 39. Rb5 Rc4
40. Rxa5 Rxf4+ 41. Ke3 Re4+ 42. Kd3 Rxe5 43. Ra8+ Kg7 44. Rb8 Re4 45. a5 Ra4
46. Rb5 Kf6 47. Kc2 Ke5 48. Kb3 Rc4 49. a6 Rc7 50. Ra5 Rc8 51. Kb4 f5 52. gxf5
gxf5 53. a7 Ra8 54. Kb5 f4 55. Kb6 f3 56. Kb7 Rxa7+ 57. Rxa7 f2 58. Ra1 Ke4 59.
Kc6 d4 60. Kc5 e5 61. Kc4 Ke3 62. Ra3+ d3 63. Rxd3+ Ke2 64. Rd5 f1=Q 65. Rxe5+
Kf2+ 0-1

[Event "?"]
[Site "?"]
[Date "????.??.??"]
[Round "?"]
[White "Vager, B."]
[Black "Hentzschel, E."]
[Result "1/2-1/2"]
[WhiteElo "2175"]
[BlackElo "1954"]
[PlyCount "65"]
[EventDate "2006.02.24"]

1. d4 e6 2. Nf3 Nf6 3. Bf4 d5 4. e3 Bd6 5. Bxd6 cxd6 6. c3 O-O 7. Be2 Nc6 8.
O-O Ne4 9. Nbd2 f5 10. g3 Bd7 11. Nxe4 dxe4 12. Nd2 Qe7 13. Qb3 b6 14. a4 Kh8
15. Qa3 d5 16. Qxe7 Nxe7 17. a5 Bc6 18. Ra3 g6 19. Rfa1 Kg7 20. Rb3 Rfb8 21. h4
Nc8 22. Kf1 Nd6 23. Ke1 Kf7 24. Kd1 Ke7 25. Kc2 b5 26. Rba3 Nc4 27. Bxc4 dxc4
28. b3 cxb3+ 29. Rxb3 a6 30. Rb4 Bd5 31. Kb2 Rc8 32. Rc1 Rc6 33. Nb3 1/2-1/2

[Event "?"]
[Site "?"]
[Date "????.??.??"]
[Round "?"]
[White "Bukacek, E."]
[Black "Eyer, K."]
[Result "1/2-1/2"]
[WhiteElo "2259"]
[BlackElo "2032"]
[PlyCount "65"]
[EventDate "2006.02.24"]

1. e4 e5 2. Nf3 Nc6 3. Bb5 a6 4. Ba4 Nf6 5. d4 Nxe4 6. O-O d5 7. Nxe5 Bd7 8.
Bxc6 bxc6 9. f3 Nd6 10. Nc3 Be7 11. Na4 O-O 12. Nc5 Be8 13. c3 Qc8 14. Qe2 f6
15. Ned3 Rf7 16. Re1 Nb7 17. Bf4 Nxc5 18. dxc5 Bd7 19. Be3 Rb8 20. Bd4 Bf8 21.
b3 a5 22. Qd2 Qa6 23. g4 Re8 24. Rxe8 Bxe8 25. Re1 Re7 26. Rxe7 Bxe7 27. Qe2
Bg6 28. Qxe7 Qxd3 29. Qe6+ Kf8 30. Qc8+ Be8 31. Kg2 Qe2+ 32. Kg3 Qe1+ 33. Kg2
1/2-1/2

[Event "?"]
[Site "?"]
[Date "????.??.??"]
[Round "?"]
[White "Ehlert, J."]
[Black "Stürzenbaum, A."]
[Result "1/2-1/2"]
[WhiteElo "2029"]
[BlackElo "2212"]
[PlyCount "27"]
[EventDate "2006.02.24"]

1. e4 d5 2. exd5 Qxd5 3. Nf3 Bg4 4. Be2 Nc6 5. d3 O-O-O 6. Nc3 Qd7 7. Be3 e5 8.
O-O f5 9. h3 Bxf3 10. Bxf3 Nd4 11. a4 Nf6 12. Nb5 a6 13. Nxd4 exd4 14. Bd2
1/2-1/2

[Event "?"]
[Site "?"]
[Date "????.??.??"]
[Round "?"]
[White "Hicker, H."]
[Black "Kalmutzki, M."]
[Result "1-0"]
[WhiteElo "2156"]
[BlackElo "1990"]
[PlyCount "149"]
[EventDate "2006.02.24"]

1. d4 d5 2. c4 e6 3. Nc3 f5 4. e3 c6 5. Bd3 Nf6 6. Nge2 Bd6 7. Qc2 O-O 8. O-O
Nbd7 9. f3 Qe8 10. Bd2 Qh5 11. g3 g5 12. cxd5 cxd5 13. Nb5 Bb8 14. Nc7 Bxc7 15.
Qxc7 Ne8 16. Qc2 Nb6 17. e4 Ng7 18. Bb4 Rf7 19. Bc5 Rc7 20. Qb3 Nd7 21. exd5
Nxc5 22. dxc5 exd5 23. Qxd5+ Be6 24. Qe5 Qf7 25. Nd4 Rd7 26. Nxe6 Rxd3 27. Nxg7
Qxg7 28. Qxf5 Rad8 29. Rf2 Qe7 30. b4 R3d5 31. Qc2 Qe3 32. Qb3 Qe5 33. Rd1 Kg7
34. Rxd5 Rxd5 35. Qb2 Qxb2 36. Rxb2 Kf6 37. Kf2 Rd3 38. Rc2 Ke7 39. c6 bxc6 40.
Rxc6 Rd2+ 41. Ke3 Rxa2 42. Rh6 Ra4 43. Rxh7+ Kf6 44. b5 Kf5 45. g4+ Kg6 46. Rc7
Ra5 47. Kf2 Rxb5 48. Rxa7 Rb2+ 49. Kg3 Rb3 50. Ra5 Rc3 51. Rf5 Rb3 52. Ra5 Rc3
53. Rf5 Rb3 54. h4 gxh4+ 55. Kxh4 Rb1 56. Kg3 Rg1+ 57. Kf4 Rf1 58. Ra5 Rf2 59.
Ra6+ Kf7 60. g5 Rf1 61. Kg4 Rb1 62. f4 Rb4 63. Kf3 Rc4 64. f5 Rb4 65. Ra7+ Kg8
66. f6 Rc4 67. g6 Rc8 68. Kg4 Rb8 69. Kg5 Rf8 70. Rg7+ Kh8 71. Rh7+ Kg8 72. f7+
Rxf7 73. Rxf7 Kh8 74. Kf6 Kg8 75. Ra7 1-0

[Event "?"]
[Site "?"]
[Date "????.??.??"]
[Round "?"]
[White "Krieger, H."]
[Black "Denda, R."]
[Result "1/2-1/2"]
[WhiteElo "2218"]
[BlackElo "2054"]
[PlyCount "51"]

1. e4 e5 2. Nf3 Nc6 3. d4 exd4 4. Nxd4 Bc5 5. Be3 Qf6 6. c3 Nge7 7. Bc4 Ne5 8.
Be2 Qg6 9. O-O d6 10. f3 O-O 11. Nd2 f5 12. Qb3+ Kh8 13. exf5 Nxf5 14. Nxf5
Qxf5 15. Bxc5 dxc5 16. Rad1 b6 17. Ne4 Be6 18. Qa4 Bd7 19. Bb5 Bxb5 20. Qxb5 c4
21. Kh1 a6 22. Qd5 b5 23. Rd4 Nd3 24. Qxf5 Rxf5 25. b3 c5 26. Rd6 1/2-1/2

[Event "?"]
[Site "?"]
[Date "????.??.??"]
[Round "?"]
[White "Schwertel"]
[Black "Kelchner"]
[Result "1/2-1/2"]
[WhiteElo "2039"]
[BlackElo "2137"]
[PlyCount "49"]

1. d4 Nf6 2. Nf3 e6 3. Bg5 Be7 4. e3 c5 5. c3 b6 6. Nbd2 Bb7 7. Bd3 d6 8. O-O
O-O 9. Qe2 Nc6 10. Ba6 Bxa6 11. Qxa6 Qc7 12. Bf4 Nh5 13. Bg3 Nxg3 14. hxg3 f5
15. Qd3 d5 16. a3 c4 17. Qe2 b5 18. Nh2 a5 19. g4 Bd6 20. f4 g6 21. Ndf3 b4 22.
a4 Rfb8 23. gxf5 gxf5 24. Ng5 Qe7 25. Rf3 1/2-1/2

[Event "?"]
[Site "?"]
[Date "????.??.??"]
[Round "?"]
[White "Jäger, E."]
[Black "Betz, E."]
[Result "0-1"]
[WhiteElo "2070"]
[BlackElo "2035"]
[PlyCount "56"]

1. d4 c5 2. e3 Nf6 3. Nf3 g6 4. Be2 Bg7 5. O-O b6 6. Ne5 Bb7 7. c3 O-O 8. Bf3
d5 9. dxc5 Qc7 10. Nd3 bxc5 11. Na3 e5 12. Be2 Nbd7 13. f4 Ne4 14. g4 c4 15.
Nf2 Ndc5 16. Bf3 Nxf2 17. Rxf2 Nd3 18. Rf1 Rad8 19. Be2 Nc5 20. Rb1 exf4 21.
exf4 d4 22. Bf3 dxc3 23. Qc2 Bxf3 24. Rxf3 Nd3 25. Be3 Nb4 26. Qf2 Nd3 27. Qc2
Nxb2 28. Kg2 Qa5 0-1

[Event "?"]
[Site "?"]
[Date "????.??.??"]
[Round "?"]
[White "Rost van Tonningen, O."]
[Black "Taksrud, V."]
[Result "0-1"]
[WhiteElo "2146"]
[BlackElo "2087"]
[PlyCount "58"]

1. e4 c5 2. Nf3 e6 3. Nc3 Nc6 4. d3 d6 5. g3 Be7 6. Bg2 Bd7 7. O-O Nf6 8. h3
O-O 9. Ne2 Qc7 10. Bg5 h6 11. Bd2 Rac8 12. g4 d5 13. exd5 Nxd5 14. c3 Rfd8 15.
d4 cxd4 16. Nfxd4 Nb6 17. Qc1 Nc4 18. Bf4 e5 19. Bg3 Qb6 20. b3 Ba3 21. Qc2
Nxd4 22. Nxd4 exd4 23. bxc4 Rxc4 24. Qb3 Rxc3 25. Qxb6 axb6 26. Bxb7 Ba4 27.
Kg2 d3 28. Bf3 d2 29. Bf4 Rxf3 0-1

[Event "?"]
[Site "?"]
[Date "????.??.??"]
[Round "?"]
[White "Strand, K W."]
[Black "Vink, W."]
[Result "1/2-1/2"]
[WhiteElo "2062"]
[BlackElo "2141"]
[PlyCount "34"]

1. e4 c6 2. d4 d5 3. Nc3 dxe4 4. Nxe4 Nd7 5. Bc4 Ngf6 6. Ng5 e6 7. Qe2 Nb6 8.
Bd3 c5 9. dxc5 Bxc5 10. N1f3 Nbd7 11. O-O O-O 12. Bf4 h6 13. Ne4 Nxe4 14. Qxe4
Nf6 15. Qe2 b6 16. Rad1 Qe7 17. c3 Rd8 1/2-1/2

[Event "?"]
[Site "?"]
[Date "????.??.??"]
[Round "?"]
[White "Oud, N."]
[Black "Haug, K."]
[Result "1-0"]
[WhiteElo "2085"]
[BlackElo "1993"]
[PlyCount "112"]

1. d4 Nf6 2. c4 g6 3. Nc3 Bg7 4. e4 d6 5. Be2 O-O 6. Nf3 Nbd7 7. O-O e5 8. Be3
Re8 9. d5 Nb6 10. b4 Bd7 11. c5 Nc8 12. Nd2 a6 13. Nc4 Rf8 14. a4 Ne8 15. Qb3
Ne7 16. Rfd1 Kh8 17. Na3 Qc8 18. Nc4 f5 19. f3 fxe4 20. Nxe4 Nf5 21. cxd6 Nexd6
22. Nexd6 Nxd6 23. Rac1 Qe8 24. Nxd6 cxd6 25. b5 Qb8 26. Rd2 Rc8 27. Rdc2 Rxc2
28. Rxc2 axb5 29. Bxb5 Bf5 30. Rc1 Qd8 31. Bf1 Qa5 32. Qxb7 Qxa4 33. Rc7 Rg8
34. h3 Qa1 35. Bg5 e4 36. Be3 exf3 37. gxf3 Bxh3 38. Rc1 Qe5 39. Kf2 Qh2+ 40.
Ke1 Bxf1 41. Kxf1 Rf8 42. f4 g5 43. Rc7 gxf4 44. Bf2 Qh1+ 45. Ke2 f3+ 46. Kd2
Qh6+ 47. Kd1 Qg6 48. Kc1 Qd3 49. Qa7 Bh6+ 50. Kb2 Qb5+ 51. Kc3 Qb1 52. Bd4+ Bg7
53. Bxg7+ Kg8 54. Bxf8 Qc1+ 55. Kb4 Qd2+ 56. Kb5 Qxd5+ 1-0

[Event "?"]
[Site "?"]
[Date "????.??.??"]
[Round "?"]
[White "Kverndal, L."]
[Black "Monte, P."]
[Result "0-1"]
[WhiteElo "1956"]
[BlackElo "2117"]
[PlyCount "70"]

1. d4 e6 2. g3 f5 3. Bg2 Nf6 4. Nf3 Be7 5. O-O O-O 6. c4 d6 7. Nc3 Qe8 8. d5 e5
9. Rb1 a5 10. a3 Qh5 11. Ne1 g5 12. e3 Qh6 13. f4 gxf4 14. exf4 e4 15. Nb5 Bd8
16. Nd4 Rf7 17. Nec2 c6 18. Ne6 Bb6+ 19. Ncd4 cxd5 20. Ng5 Nc6 21. Nxf7 Kxf7
22. Kh1 Nxd4 23. h4 Qg7 24. Be3 Ng4 25. Bxd4 Bxd4 26. Qd2 Ne3 27. Kh2 Be6 28.
cxd5 Bxd5 29. Rfc1 Ke6 30. Bh3 Rg8 31. Rg1 Nc4 32. Bxf5+ Kxf5 33. g4+ Qxg4 34.
Rxg4 Nxd2 35. Rxg8 Bxg8 0-1

[Event "?"]
[Site "?"]
[Date "????.??.??"]
[Round "?"]
[White "Bondick, K-H."]
[Black "Salov, S."]
[Result "1/2-1/2"]
[WhiteElo "2165"]
[BlackElo "2304"]
[PlyCount "40"]
[EventDate "2006.02.24"]

1. d4 Nf6 2. f3 d5 3. e4 e6 4. Be3 Be7 5. Nd2 O-O 6. Bd3 dxe4 7. fxe4 e5 8.
Ngf3 Ng4 9. Bg1 exd4 10. Bxd4 Nc6 11. c3 Nxd4 12. cxd4 Bf6 13. Nb3 Be6 14. e5
Be7 15. Qd2 c6 16. O-O a5 17. h3 Nh6 18. Qc2 g6 19. g4 Kg7 20. Nc5 Bd5 1/2-1/2

[Event "?"]
[Site "?"]
[Date "????.??.??"]
[Round "?"]
[White "Lomer, E."]
[Black "Werchan, H."]
[Result "1/2-1/2"]
[WhiteElo "2143"]
[BlackElo "2138"]
[PlyCount "80"]
[EventDate "2006.02.24"]

1. Nf3 c5 2. g3 Nf6 3. Bg2 Nc6 4. O-O d5 5. d4 e6 6. c4 Be7 7. cxd5 exd5 8. Nc3
O-O 9. Bg5 Be6 10. Rc1 Rc8 11. dxc5 h6 12. Bxf6 Bxf6 13. Qa4 Qe7 14. Rfd1 Rfd8
15. b4 a6 16. b5 axb5 17. Nxb5 Ra8 18. Qb3 d4 19. Qd3 Rxa2 20. Rd2 Ra5 21. Rb2
Rd5 22. Rcb1 Bf5 23. Qd2 Bxb1 24. Rxb1 Qxc5 25. Nfxd4 Nxd4 26. Qxa5 Nxe2+ 27.
Kh1 Re5 28. Qa8+ Kh7 29. Qxb7 Qc2 30. Nd6 Nc3 31. Rf1 Re7 32. Qf3 Qd2 33. Qf5+
Kg8 34. Qc8+ Kh7 35. Qf5+ Kg8 36. Ne4 Nxe4 37. Bxe4 Re8 38. Rb1 Qd8 39. Kg2 g6
40. Qf3 Kg7 1/2-1/2

[Event "?"]
[Site "?"]
[Date "????.??.??"]
[Round "?"]
[White "Samuelsson, S-G."]
[Black "Feavyour, J."]
[Result "0-1"]
[WhiteElo "2141"]
[BlackElo "2068"]
[PlyCount "136"]
[EventDate "2006.02.24"]

1. Nf3 d5 2. d4 Nf6 3. c4 c6 4. Nc3 dxc4 5. a4 Bf5 6. e3 e6 7. Bxc4 Bb4 8. O-O
O-O 9. Qe2 Bg6 10. Ne5 Nbd7 11. Nxg6 hxg6 12. Rd1 Qe7 13. e4 e5 14. d5 Rac8 15.
Bg5 Rfd8 16. dxc6 bxc6 17. a5 Bc5 18. Rd3 Bd4 19. Rh3 Nc5 20. Bxf6 gxf6 21. Qg4
Kg7 22. Rg3 Ne6 23. h4 Bxf2+ 24. Kxf2 Qc5+ 25. Ke1 Qxc4 26. h5 Nf4 27. hxg6
fxg6 28. Rd1 Rxd1+ 29. Qxd1 Qd4 30. Ne2 Qxd1+ 31. Kxd1 Nxe2 32. Kxe2 Rb8 33. b3
Rb4 34. Re3 Rb5 35. Rd3 Rxa5 36. Rd7+ Kh6 37. Rd6 Kg5 38. Rxc6 Ra2+ 39. Kf3 Rb2
40. Rc3 f5 41. g3 Kh5 42. Rd3 Kg5 43. Rc3 Rb1 44. Re3 Rg1 45. Kf2 Rd1 46. exf5
Kxf5 47. Rf3+ Kg4 48. Re3 Rd2+ 49. Ke1 Rb2 50. Kf1 Kf5 51. Rc3 e4 52. Rc5+ Kg4
53. Rc3 g5 54. Kg1 Rd2 55. Re3 Rd3 56. Rxe4+ Kxg3 57. Re1 Rxb3 58. Ra1 g4 59.
Kf1 Kf3 60. Kg1 Kg3 61. Kf1 Kf3 62. Kg1 a5 63. Rf1+ Kg3 64. Kh1 a4 65. Rg1+ Kh3
66. Rc1 a3 67. Kg1 g3 68. Rf1 a2 0-1

[Event "?"]
[Site "?"]
[Date "????.??.??"]
[Round "?"]
[White "Ross-Macdonald, S."]
[Black "Soederborg, B."]
[Result "0-1"]
[WhiteElo "2065"]
[BlackElo "2147"]
[PlyCount "122"]
[EventDate "2006.02.24"]

1. d4 Nf6 2. c4 g6 3. Nc3 d5 4. Nf3 Bg7 5. e3 O-O 6. Qb3 dxc4 7. Bxc4 Nc6 8.
Be2 b6 9. O-O Bb7 10. Rd1 e6 11. e4 h6 12. h3 Qe7 13. Bf4 Rfd8 14. Bh2 Ne8 15.
Qa4 a6 16. d5 b5 17. Qc2 Nb4 18. Qb3 exd5 19. exd5 Nxd5 20. Nxd5 Qxe2 21. Rd2
Bxd5 22. Rxe2 Bxb3 23. axb3 Rd3 24. Rae1 Nd6 25. Rc1 Ne8 26. Rce1 Nd6 27. Rc1
Re8 28. Rxe8+ Nxe8 29. Bxc7 Bxb2 30. Rb1 Nxc7 31. Rxb2 Rd1+ 32. Kh2 Rc1 33. Ne5
Kg7 34. Nd3 Rc3 35. Nb4 a5 36. Nc2 b4 37. Ne3 Rc5 38. Rc2 Rxc2 39. Nxc2 Ne6 40.
Kg3 Nc5 41. Nd4 a4 42. bxa4 b3 43. Nxb3 Nxb3 44. Kf4 Kf6 45. Ke4 Nc5+ 46. Kf4
Nxa4 47. Kg4 Nc5 48. Kf4 h5 49. Kf3 Ne6 50. Kg3 Kf5 51. Kf3 Ke5 52. Kg3 Nd4 53.
Kh2 Ke4 54. Kg1 Kd3 55. Kf1 Nc2 56. g3 g5 57. Kg2 Ke2 58. f4 Ne1+ 59. Kh2 gxf4
60. gxf4 Kf3 61. f5 Nc2 0-1

[Event "?"]
[Site "?"]
[Date "????.??.??"]
[Round "?"]
[White "Nordstroem, F."]
[Black "Rety, J."]
[Result "1-0"]
[WhiteElo "2198"]
[BlackElo "2006"]
[PlyCount "49"]

1. e4 e6 2. d4 d5 3. Nc3 dxe4 4. Nxe4 Nf6 5. Nxf6+ gxf6 6. Nf3 Bd7 7. g3 Bc6 8.
Bg2 Nd7 9. Qe2 Qe7 10. Be3 Nb6 11. O-O Bg7 12. c4 O-O 13. Rfe1 Be4 14. Rad1 c6
15. b3 Rfd8 16. Bf4 Bxf3 17. Bxf3 Qf8 18. d5 e5 19. Be3 Rac8 20. dxc6 bxc6 21.
Be4 Rxd1 22. Rxd1 Rc7 23. Qh5 h6 24. Qf5 Qe8 25. Bc5 1-0

[Event "?"]
[Site "?"]
[Date "????.??.??"]
[Round "?"]
[White "Stavenhagen, J."]
[Black "Crombleholme, A."]
[Result "1/2-1/2"]
[WhiteElo "2019"]
[BlackElo "2104"]
[PlyCount "63"]

1. d4 Nf6 2. c4 c5 3. d5 g6 4. Nc3 Bg7 5. e4 d6 6. Be2 O-O 7. h4 e6 8. h5 exd5
9. hxg6 d4 10. gxh7+ Kh8 11. Nd5 Nxe4 12. Bh6 Bxh6 13. Rxh6 Qg5 14. Rh2 Nc6 15.
Nf3 Qg7 16. Qc2 Nf6 17. a3 Nxd5 18. cxd5 Ne7 19. Qb3 b6 20. O-O-O Bf5 21. Bd3
Bxd3 22. Qxd3 Qg6 23. Qd2 Nxd5 24. Rh6 Qe4 25. Rxd6 Nf4 26. Qc2 Qxc2+ 27. Kxc2
Rae8 28. g3 Re2+ 29. Rd2 Rxd2+ 30. Kxd2 Ne6 31. Rd7 Kxh7 32. Rxa7 1/2-1/2

[Event "?"]
[Site "?"]
[Date "????.??.??"]
[Round "?"]
[White "Singleton, M."]
[Black "Zanger, K."]
[Result "1-0"]
[WhiteElo "2157"]
[BlackElo "1785"]
[PlyCount "169"]

1. d4 d5 2. c4 e6 3. Nc3 Nf6 4. Bg5 Be7 5. e3 Nbd7 6. Nf3 h6 7. Bh4 O-O 8. Rc1
c6 9. Bd3 dxc4 10. Bxc4 Nb6 11. Bd3 Nfd5 12. Bg3 Bd7 13. O-O Rc8 14. Bb1 Nxc3
15. Rxc3 Nd5 16. Rb3 b6 17. e4 Nf6 18. Qd3 g6 19. Bf4 Kh7 20. Qd2 Ng8 21. Ne5
Bf6 22. Rh3 Bg7 23. g4 c5 24. g5 cxd4 25. gxh6 Bxe5 26. Bxe5 f6 27. Bd6 e5 28.
Ra3 Rf7 29. Rxa7 Ra8 30. Rxa8 Qxa8 31. Rc1 Bb5 32. b3 Qd8 33. Bb4 Qd7 34. f3
Qh3 35. Bd3 Bxd3 36. Qxd3 Qxh6 37. Bd2 Qh5 38. Rc6 f5 39. Qc4 Rg7 40. Qd3 fxe4
41. Qxe4 Rf7 42. Kg2 Nh6 43. Rxb6 Nf5 44. Rb7 Nh4+ 45. Kf2 Kg7 46. Rxf7+ Kxf7
47. a4 Nf5 48. Qd5+ Kf6 49. Kg1 Nh4 50. Qc6+ Kf7 51. Qb7+ Ke6 52. Qc8+ Kf7 53.
Qd7+ Kf6 54. Bb4 Nxf3+ 55. Kf2 Qxh2+ 56. Kxf3 Qh1+ 57. Ke2 Qe4+ 58. Kd2 Qe3+
59. Kc2 Qe2+ 60. Kb1 Qd3+ 61. Kb2 Kg5 62. Qf7 Qe2+ 63. Ka3 Qc2 64. Be7+ Kg4 65.
Qe6+ Kf3 66. Qxe5 Qc1+ 67. Kb4 Qc3+ 68. Kb5 Qxb3+ 69. Ka5 d3 70. Qf6+ Ke2 71.
Qe5+ Kd1 72. Bb4 d2 73. Qg5 Qc2 74. Kb6 Qb2 75. Qxd2+ Qxd2 76. Bxd2 Kxd2 77. a5
g5 78. a6 g4 79. a7 Ke3 80. a8=Q g3 81. Qg2 Kf4 82. Kc5 Kg4 83. Kd4 Kf4 84. Kd3
Kg4 85. Ke4 1-0

[Event "?"]
[Site "?"]
[Date "????.??.??"]
[Round "?"]
[White "Wilson, P."]
[Black "Wiemer, J."]
[Result "1/2-1/2"]
[WhiteElo "2070"]
[BlackElo "2115"]
[PlyCount "44"]
[EventDate "2006.02.24"]

1. e4 e5 2. f4 exf4 3. Nf3 g5 4. Bc4 d6 5. h4 g4 6. Ng5 Nh6 7. d4 Qe7 8. Nc3 c6
9. O-O Bg7 10. Bxf4 Nd7 11. e5 dxe5 12. Re1 b5 13. Bb3 b4 14. Nce4 O-O 15. dxe5
Kh8 16. Qd6 Qxd6 17. Nxd6 Nc5 18. Ndxf7+ Nxf7 19. Nxf7+ Kg8 20. Nh6+ Kh8 21.
Nf7+ Kg8 22. Nh6+ Kh8 1/2-1/2

[Event "?"]
[Site "?"]
[Date "????.??.??"]
[Round "?"]
[White "Potthammel, J."]
[Black "Smith, D."]
[Result "1/2-1/2"]
[WhiteElo "2109"]
[BlackElo "2009"]
[PlyCount "26"]
[EventDate "2006.02.24"]

1. e4 d6 2. d4 Nf6 3. Nc3 g6 4. Be2 c6 5. h4 h5 6. Bg5 Nbd7 7. Qd2 Bg7 8. O-O-O
Qc7 9. Nh3 b5 10. f3 a5 11. Nf2 Ba6 12. Rhe1 b4 13. Nb1 Bxe2 1/2-1/2

[Event "?"]
[Site "?"]
[Date "????.??.??"]
[Round "?"]
[White "Flockhart, H."]
[Black "Schroeder, C."]
[Result "1/2-1/2"]
[WhiteElo "1887"]
[BlackElo "2055"]
[PlyCount "58"]
[EventDate "2006.02.24"]

1. e4 c5 2. Nf3 d6 3. c3 Nf6 4. Be2 Nc6 5. d3 e5 6. O-O Be7 7. Nbd2 O-O 8. Re1
d5 9. Bf1 Bg4 10. h3 Bh5 11. g4 Bg6 12. Nh4 dxe4 13. Nxg6 fxg6 14. dxe4 Kh8 15.
Qe2 a6 16. Bg2 Ne8 17. Nf3 Nc7 18. Be3 Ne6 19. Rad1 Qa5 20. Qc4 Nc7 21. a3 b5
22. Qe2 Ne6 23. Rd5 Nc7 24. Rd7 Rfe8 25. b4 Qb6 26. Red1 Nb8 27. Rxe7 Rxe7 28.
Bxc5 Qf6 29. Bxe7 Qxe7 1/2-1/2

[Event "?"]
[Site "?"]
[Date "????.??.??"]
[Round "?"]
[White "Kuehn, P."]
[Black "Macgilchrist, S."]
[Result "0-1"]
[WhiteElo "2048"]
[BlackElo "1842"]
[PlyCount "88"]
[EventDate "2006.02.24"]

1. e4 c6 2. d4 d5 3. f3 dxe4 4. fxe4 e6 5. Nf3 Ne7 6. Bd3 Ng6 7. O-O Be7 8. c4
O-O 9. Kh1 b6 10. Nc3 Na6 11. a3 Bb7 12. Qe2 Nc7 13. Be3 Ne8 14. Rad1 Qc7 15.
Bc1 Rd8 16. e5 Rd7 17. Ne4 Qd8 18. Neg5 Bxg5 19. Bxg5 Qc8 20. Bc1 Qd8 21. Bb1
Nc7 22. Bg5 Qe8 23. h4 f6 24. exf6 gxf6 25. Bh6 Rff7 26. h5 Nf8 27. Nh4 f5 28.
Nf3 Rf6 29. Bxf8 Qxh5+ 30. Kg1 Kxf8 31. Qe5 Rh6 32. Qh8+ Ke7 33. Kf2 Ne8 34.
Qe5 Qg4 35. Rh1 Rxh1 36. Rxh1 Nf6 37. Rh4 Qxh4+ 38. Ke2 Qg4 39. Kf1 Nh5 40. c5
Nf4 41. Nh4 Qxh4 42. Qg7+ Kd8 43. Qh8+ Kc7 44. Qe5+ Kc8 0-1

[Event "?"]
[Site "?"]
[Date "????.??.??"]
[Round "?"]
[White "Bisse, V."]
[Black "Appelt, G."]
[Result "1/2-1/2"]
[WhiteElo "1835"]
[BlackElo "2054"]
[PlyCount "41"]

1. e4 e5 2. f4 exf4 3. Nf3 Be7 4. Bc4 Nf6 5. d3 d5 6. exd5 Nxd5 7. Nc3 Nxc3 8.
bxc3 Bd6 9. Qe2+ Qe7 10. Qxe7+ Kxe7 11. d4 Re8 12. O-O Be6 13. Bd3 h6 14. c4 c6
15. Re1 Kf8 16. Rb1 b6 17. Ne5 Bxe5 18. Rxe5 Nd7 19. Re1 g5 20. a4 Rac8 21.
Ba3+ 1/2-1/2

[Event "?"]
[Site "?"]
[Date "????.??.??"]
[Round "?"]
[White "Scholze, R."]
[Black "Frenzel, L."]
[Result "1/2-1/2"]
[WhiteElo "2050"]
[BlackElo "1632"]
[PlyCount "27"]

1. e4 e5 2. Nf3 Nc6 3. d4 d6 4. Bc4 Bg4 5. c3 Qd7 6. Be3 Nf6 7. Nbd2 Be7 8. Qc2
h6 9. O-O Bh5 10. h3 O-O 11. Rad1 a6 12. a4 Rab8 13. Be2 Rbe8 14. dxe5 1/2-1/2

[Event "?"]
[Site "?"]
[Date "????.??.??"]
[Round "?"]
[White "Mann, D."]
[Black "Thum, F."]
[Result "1/2-1/2"]
[WhiteElo "1602"]
[BlackElo "1929"]
[PlyCount "25"]
[EventDate "2006.02.24"]

1. e4 c5 2. Nf3 Nc6 3. d4 cxd4 4. Nxd4 Nf6 5. Nc3 g6 6. Bg5 Bg7 7. Qd2 O-O 8.
Nxc6 bxc6 9. Bh6 d6 10. Bxg7 Kxg7 11. Bc4 Be6 12. Bb3 Qa5 13. O-O 1/2-1/2

[Event "?"]
[Site "?"]
[Date "????.??.??"]
[Round "?"]
[White "Bachmann, K."]
[Black "Vasiukov, E."]
[Result "0-1"]
[WhiteElo "2304"]
[BlackElo "2493"]
[PlyCount "70"]
[EventDate "2006.02.24"]

1. Nf3 f5 2. g3 Nf6 3. Bg2 g6 4. c4 Bg7 5. O-O O-O 6. Nc3 d6 7. d4 Qe8 8. d5
Na6 9. Rb1 Nc5 10. Nd4 a5 11. b3 Bd7 12. Bb2 c6 13. Qd2 Rc8 14. Rfd1 Qf7 15. f4
Rfe8 16. Ba1 Kh8 17. Rbc1 h6 18. Rc2 Kh7 19. Nf3 a4 20. b4 Nce4 21. Qd3 cxd5
22. cxd5 Nxc3 23. Bxc3 Ne4 24. Bxg7 Rxc2 25. Qxc2 Rc8 26. Qb2 Qxg7 27. Qxg7+
Kxg7 28. Nd4 Nc3 29. Rd2 Rc4 30. Rc2 Rxd4 31. Rxc3 Rxb4 32. Rc7 Be8 33. Rxe7+
Kf8 34. Re6 Kf7 35. Rxd6 Ke7 0-1

[Event "?"]
[Site "?"]
[Date "????.??.??"]
[Round "?"]
[White "Shabanov, Y."]
[Black "Rosen, W."]
[Result "0-1"]
[WhiteElo "2427"]
[BlackElo "2268"]
[PlyCount "76"]
[EventDate "2006.02.24"]

1. e4 c5 2. Nf3 Nc6 3. Bb5 g6 4. O-O Bg7 5. c3 Nf6 6. Re1 O-O 7. Qa4 a6 8. e5
Ng4 9. Bxc6 dxc6 10. h3 Nh6 11. d4 b5 12. Qa3 c4 13. b3 Be6 14. Bg5 Re8 15. Qc1
cxb3 16. axb3 Nf5 17. g4 Bd5 18. Nbd2 f6 19. gxf5 fxg5 20. c4 Bxf3 21. Nxf3 Rf8
22. cxb5 cxb5 23. Qc6 Rxf5 24. Re3 Qf8 25. Kg2 Rd8 26. Rxa6 Rxd4 27. Ra8 Rd8
28. Rxd8 Qxd8 29. Qxb5 h5 30. Qc6 Kh7 31. Qc4 Bh6 32. Rd3 Qf8 33. Qc5 Rf4 34.
Nh2 Bg7 35. Nf3 Qf5 36. Qe3 g4 37. hxg4 Rxg4+ 38. Kf1 Bh6 0-1